Akumulátory

Bibliographic Details
Main Author: Khol, Josef (Author)
Format: Book
Language:Undetermined
Published: Praha Dopravní nakladatelství 1958

MARC

LEADER 00000nam a2200000 a 4500
001 vtls001344873
003 SK-MaSNL
005 20260301200712.0
008 240316s1958 xx 0 und
035 |a SNK000298081 
040 |a SNK  |b slo  |c SNK  |e AACR2 
100 1 |a Khol, Josef  |4 aut  |9 580242 
245 1 |a Akumulátory 
260 |a Praha  |b Dopravní nakladatelství  |c 1958 
300 |a 130 s. 
999 |c 891709  |d 893639 
952 |t P60, <04>, [BOOK], {604}  |a SNK  |b SNK  |y VYP  |7 0  |p 17A0164245  |o snkID 22588  |0 0  |1 0  |4 0  |d 1998-10-10  |l 0  |r 2005-01-02 00:00:00  |w 2026-02-24